Adab Menuntut Ilmu

Bibliographic Details
Main Author: Sarah Md.Yusuf
Format: Book
Published: Selangor : Penerbitan Al-Ramadhan , 1996
Series:Siri Penghayatan Al-Sunnah

MARC

LEADER 00000cam a2200000 7i4500
001 0000048707
005 20150622.0
008 150622
020 |a 9789830401768 
020 |a 9830401766 
090 0 0 |a 297.44   |b SAR 
100 1 |a Sarah Md.Yusuf 
245 1 0 |a Adab Menuntut Ilmu   |c Sarah Md.Yusuf 
260 |a Selangor :   |b Penerbitan Al-Ramadhan ,   |c 1996 
490 0 |a Siri Penghayatan Al-Sunnah 
999 |a 0000451763   |b Book   |c Adult Collection   |e Cawangan Mersing 
999 |a 0000451784   |b Book   |c Adult Collection   |e Cawangan Muar 
999 |a 0000775814   |b Book   |c Adult Collection   |e Cawangan Pontian 
999 |a 0000789131   |b Book   |c Adult Collection   |e Cawangan Segamat 
999 |a 0000830888   |b Book   |c Adult Collection   |e Cawangan Segamat 
999 |a 0000830889   |b Book   |c Adult Collection   |e Cawangan Segamat 
999 |a 0000834676   |b Book   |c Adult Collection   |e Cawangan Mersing 
999 |a 0000834677   |b Book   |c Adult Collection   |e Cawangan Mersing 
999 |a 775313   |b Book   |c Adult Collection   |e Cawangan Pontian 
999 |a 775810   |b Book   |c Adult Collection   |e Cawangan Pontian 
999 |a 775812   |b Book   |c Adult Collection   |e Cawangan Sri Merlong